000 00593nam a2200193Ia 4500
003 GCL
008 140319s9999 xx 000 0 ara d
040 _aGCL /
_cGCL
082 0 4 _a923.2569
_bو ف
100 1 _aوالاش, جون
245 1 0 _aالفلسطينيون الجدد: الجيل الناشىء من القيادة /
_cوالاش, جون
700 1 _aوالاش, جانيت
700 1 _aهيثم على حجازى
260 _a[S.N] :
_bالاهلية للنشر والتوزيع ،
_c1994
300 _a359 ص
490 _a
650 0 4 _aفلسطين
942 _2ddc
_cBK
999 _c55524
_d55524